000 01060nam a2200205Ia 4500
999 _c37515
_d37515
001 3479
003 GE_BSU
005 20190620193455.0
008 181216s2009||||ge |||||||||||||| ||geo||
020 _a9789941005343
040 _cGE_BSU
041 _ageo
080 _a37.14 ე–81
245 _aეროვნული სასწავლო გეგმა :
_bზოგადსაგანმ. სკოლებისთვის, 2008-2009 სასწ. წელი /
_cეროვნ. სასწ. გეგმებისა და შეფასების ცენტრი ; გამოცემაზე მუშაობდნენ: გიორგი ნოდია და სხვ.
264 _aთბილისი,
_c2009.
300 _a799 გვ.;
_b29 სმ.
653 _aსასწავლო გეგმები ზოგადსაგანმანათლებლო სკოლებისათვის
700 _aნოდია, გიორგი
_92690
_eავტორი
942 _cBK
_2udc